000 00520nam a22001697a 4500
005 20251108165213.0
008 250721s1986 xx 000 0 ara d
082 1 4 _a332.2/إدا
245 1 0 _aإدارة الإئتمان و تقويم المخاطر /
264 1 _aبيروت :
_bإتحاد المصارف العربية،
_c1986.
300 _a310ص
650 1 7 _aالبنوك
650 1 7 _aشركات الأئتمان
710 2 _aإتحاد المصارف العربية
942 _2ddc
_cBK
999 _c22033
_d22033